Normal view
MARC view
- Mack, Lorrie
Entry Personal Name
001 - CONTROL NUMBER
- control field: 56480
003 - CONTROL NUMBER IDENTIFIER
- control field: NUST
005 - DATE AND TIME OF LATEST TRANSACTION
- control field: 20210628201719.0
008 - FIXED-LENGTH DATA ELEMENTS
- fixed length control field: 210628|| aca||aabn | a|a d
040 ## - CATALOGING SOURCE
- Original cataloging agency: NUST
- Transcribing agency: NUST
100 ## - HEADING--PERSONAL NAME
- Personal name: Mack, Lorrie
670 ## - SOURCE DATA FOUND
- Source citation: Work cat.: (NUST): Mack, Lorrie, Setting up home : the essential guide to creating a home from scratch, 2000
